=LDR 00000nam 2200000 4500 =001 INLIS000000000040720 =005 20130612150300 =008 ***********************************ind** =035 ##$$0010-061300000040720 =041 ##$$a ind =082 ##$$a 813 =090 ##$$a 813 , Sco ,f =100 ##$$a SCOTT, Kinsti =245 ##$$a Fortune Hause , Kinsty Scott =260 ##$$a 2011 $b Jakarta =300 ##$$a 247 hlm. , 23 cm =650 ##$$a FIKSI =850 ##$$a NBPNMAT